[Event "Uige op"]
[Site "Uige"]
[Date "2013.06.27"]
[Round "5"]
[White "Braga, Cicero Nogueira"]
[Black "Calicoca, Wilton Inacio"]
[Result "1-0"]
[WhiteElo "2416"]
[BlackElo "2132"]
[PlyCount "82"]
[EventDate "2013.06.24"]
[EventType "swiss"]
[EventRounds "9"]
[EventCountry "ANG"]
[SourceTitle "EXT 2014"]
[Source "ChessBase"]
[SourceDate "2013.11.20"]
[SourceVersion "1"]
[SourceVersionDate "2013.11.20"]
[SourceQuality "1"]

1. c4 e6 2. Nf3 d5 3. b3 c5 4. Bb2 d4 5. e3 Nc6 6. exd4 cxd4 7. g3 e5 8. d3 Bb4+ 9. Nbd2 Bg4 10. Be2 Bh3 11. a3 Bd6 12. Ne4 Be7 13. Bf1 Bxf1 14. Kxf1 f5 15. Ned2 Bf6 16. Kg2 Nge7 17. b4 Ng6 18. b5 Nb8 19. a4 0-0 20. Re1 Nd7 21. Ba3 Rf7 22. c5 Rc8 23. Rc1 Be7 24. Nc4 Bxc5 25. Bxc5 Rxc5 26. Nd6 Rxc1 27. Qxc1 Rf6 28. Qc4+ Kf8 29. Ng5 Nb6 30. Qe6 Rxe6 31. Nxe6+ Ke7 32. Nxd8 Kxd6 33. Nxb7+ Kd5 34. a5 Na4 35. b6 axb6 36. a6 b5 37. a7 Nb6 38. Rc1 Ne7 39. Rc5+ Ke6 40. Rxb5 Ned5 41. Nc5+ Kf6 1-0

[Event "Uige op"]
[Site "Uige"]
[Date "2013.06.26"]
[Round "4"]
[White "Braga, Cicero Nogueira"]
[Black "Sousa, Armindo"]
[Result "1-0"]
[WhiteElo "2416"]
[BlackElo "2193"]
[PlyCount "55"]
[EventDate "2013.06.24"]
[EventType "swiss"]
[EventRounds "9"]
[EventCountry "ANG"]
[SourceTitle "EXT 2014"]
[Source "ChessBase"]
[SourceDate "2013.11.20"]
[SourceVersion "1"]
[SourceVersionDate "2013.11.20"]
[SourceQuality "1"]

1. e4 d6 2. d4 Nf6 3. Nc3 g6 4. f4 Bg7 5. Nf3 0-0 6. Bd3 Na6 7. 0-0 c5 8. d5 Nc7 9. a4 Bg4 10. Qe1 Bxf3 11. Rxf3 e6 12. dxe6 Nxe6 13. f5 Nd4 14. Rh3 Ng4 15. Qg3 Ne5 16. Bg5 f6 17. Bf4 g5 18. Bxe5 dxe5 19. Nd5 Kh8 20. Qg4 Qe8 21. Nc7 Qf7 22. Nxa8 c4 23. Bf1 Rxa8 24. c3 Nb3 25. Rd1 Nc5 26. Rd5 Nxa4 27. Bxc4 Qc7 28. Rxh7+ 1-0

[Event "Olympiad-38"]
[Site "Dresden"]
[Date "2008.11.22"]
[Round "9"]
[White "Naumann, Alexander"]
[Black "Braga, Cicero Nogueira"]
[Result "1/2-1/2"]
[WhiteElo "2518"]
[BlackElo "2415"]
[PlyCount "222"]
[EventDate "2008.11.13"]
[EventType "team-swiss"]
[EventRounds "11"]
[EventCountry "GER"]
[SourceTitle "CBM 128"]
[Source "ChessBase"]
[SourceDate "2009.01.28"]
[SourceVersion "1"]
[SourceVersionDate "2009.01.28"]
[SourceQuality "1"]
[WhiteTeam "Germany III"]
[BlackTeam "Brazil"]
[WhiteTeamCountry "GER"]
[BlackTeamCountry "BRA"]

1. d4 Nf6 2. c4 g6 3. Nf3 Bg7 4. g3 0-0 5. Bg2 d6 6. 0-0 Nc6 7. Nc3 a6 8. h3 Rb8 9. e4 b5 10. e5 dxe5 11. dxe5 Qxd1 12. Rxd1 Nd7 13. cxb5 axb5 14. Be3 b4 15. Nd5 Ndxe5 16. Nxe5 Bxe5 17. Rac1 e6 18. Nxc7 Bxc7 19. Rxc6 Be5 20. Ba7 Ra8 21. Bc5 Bb7 22. Bxf8 Bxc6 23. Bxb4 Bxg2 24. Kxg2 Rxa2 25. b3 Rb2 26. Rd3 f6 27. Bc5 Kf7 28. Rd7+ Ke8 29. Re7+ Kd8 30. b4 Bc3 31. Rxh7 Bxb4 32. Bd4 Rd2 33. Bxf6+ Ke8 34. Bg5 Rd7 35. Rh8+ Kf7 36. Be3 Bc3 37. Rh7+ Ke8 38. Rh4 Bf6 39. Ra4 Kf7 40. Kf3 Rb7 41. Ke4 Rd7 42. h4 Rb7 43. Kd3 Rc7 44. Bb6 Rc3+ 45. Ke4 Rc6 46. Ra7+ Kg8 47. Be3 Rc4+ 48. Kf3 Rc3 49. Rd7 Rb3 50. Kg4 Rb4+ 51. Kh3 Rb1 52. Kg2 Rb5 53. Kf1 Rb2 54. Ke1 Bc3+ 55. Kd1 Bf6 56. Kc1 Re2 57. Rd2 Re1+ 58. Kc2 Ra1 59. Rd7 Ra2+ 60. Kb3 Rb2+ 61. Kc4 Rc2+ 62. Kb5 Rc8 63. Bc5 Rd8 64. Rxd8+ Bxd8 65. Bd4 Kf7 66. Be5 Be7 67. Kc4 Kg8 68. Kd4 Kh7 69. Ke4 Bc5 70. Bd4 Bd6 71. Kf3 Be7 72. Kf4 Bd6+ 73. Kg5 Be7+ 74. Bf6 Bc5 75. f4 Bf2 76. g4 Bc5 77. h5 gxh5 78. Kxh5 Bd6 79. Be5 Be7 80. Bc7 Bf6 81. g5 Be7 82. Be5 Bd8 83. Bd6 Kg7 84. Be5+ Kh7 85. Bf6 Bc7 86. g6+ Kg8 87. Kg5 Bd6 88. Be5 Be7+ 89. Kg4 Bb4 90. Bf6 Bd6 91. Kf3 Bc7 92. Ke4 Bd6 93. Be5 Ba3 94. Kf3 Be7 95. Kg4 Bd8 96. Kh5 Be7 97. g7 Kh7 98. Bd4 Bd8 99. Kg4 Be7 100. Kf3 Bb4 101. Bf6 Ba3 102. Ke4 Bd6 103. Be5 Bb4 104. Bb2 Bd6 105. Bc3 Bc7 106. Kf3 Bd6 107. Bf6 Bc7 108. Kg4 Bd6 109. Be5 Be7 110. f5 exf5+ 111. Kxf5 Kg8 1/2-1/2

[Event "Olympiad-38"]
[Site "Dresden"]
[Date "2008.11.16"]
[Round "4"]
[White "Braga, Cicero Nogueira"]
[Black "Khamrakulov, Djurabek"]
[Result "0-1"]
[WhiteElo "2415"]
[BlackElo "2533"]
[PlyCount "80"]
[EventDate "2008.11.13"]
[EventType "team-swiss"]
[EventRounds "11"]
[EventCountry "GER"]
[SourceTitle "CBM 128"]
[Source "ChessBase"]
[SourceDate "2009.01.28"]
[SourceVersion "1"]
[SourceVersionDate "2009.01.28"]
[SourceQuality "1"]
[WhiteTeam "Brazil"]
[BlackTeam "Uzbekistan"]
[WhiteTeamCountry "BRA"]
[BlackTeamCountry "UZB"]

1. Nf3 c5 2. g3 Nc6 3. Bg2 d5 4. 0-0 e5 5. d3 Nf6 6. Bg5 Be7 7. Nfd2 Be6 8. e4 dxe4 9. dxe4 Ng4 10. Bxe7 Nxe7 11. Nc3 0-0 12. Qe2 Nc6 13. Nd5 Nd4 14. Qd1 f5 15. c3 Nb5 16. h3 Nh6 17. exf5 Bxd5 18. Bxd5+ Qxd5 19. c4 Qf7 20. cxb5 Nxf5 21. Qb3 Qxb3 22. Nxb3 b6 23. Nd2 Nd4 24. a4 Rad8 25. Nc4 e4 26. Kg2 Nb3 27. Ra3 Rd4 28. Ne3 Na5 29. Rd1 Rfd8 30. Raa1 Nb3 31. Rab1 Kf7 32. Rxd4 cxd4 33. Nc4 Ke6 34. Rd1 Rc8 35. Nd2 Nxd2 36. Rxd2 Kd5 37. h4 d3 38. b3 Kd4 39. Rd1 Rc2 40. Kf1 Rb2 0-1

[Event "Capablanca Memorial op 41st"]
[Site "Havana"]
[Date "2006.11.26"]
[Round "6"]
[White "Perez Garcia, Rodney Oscar"]
[Black "Braga, Cicero Nogueira"]
[Result "1/2-1/2"]
[WhiteElo "2385"]
[BlackElo "2412"]
[PlyCount "36"]
[EventDate "2006.11.21"]
[EventType "swiss"]
[EventRounds "10"]
[EventCountry "CUB"]
[SourceTitle "CBM 115 Extra"]
[Source "ChessBase"]
[SourceDate "2007.01.10"]
[SourceVersion "1"]
[SourceVersionDate "2007.01.10"]
[SourceQuality "1"]

1. e4 c5 2. Nf3 g6 3. d4 cxd4 4. Qxd4 Nf6 5. Nc3 Nc6 6. Qa4 d6 7. e5 dxe5 8. Nxe5 Qd4 9. Nxc6 Qxa4 10. Nxa4 bxc6 11. Be2 Bg7 12. Bf3 0-0 13. 0-0 Bf5 14. c3 Nd5 15. Re1 e5 16. Bd2 Rab8 17. b3 Rfd8 18. Rad1 e4 1/2-1/2

[Event "Sao Bernardo do Campo JAI"]
[Site "Sao Bernardo do Campo"]
[Date "2006.09.??"]
[Round "2"]
[White "El Debs, Felipe de Cresce"]
[Black "Braga, Cicero Nogueira"]
[Result "1/2-1/2"]
[WhiteElo "2358"]
[BlackElo "2412"]
[PlyCount "43"]
[EventDate "2006.09.??"]
[EventType "swiss"]
[EventRounds "5"]
[EventCountry "BRA"]
[SourceTitle "EXT 2022"]
[Source "ChessBase"]
[SourceDate "2021.10.06"]
[SourceVersion "1"]
[SourceVersionDate "2021.10.06"]
[SourceQuality "1"]

1. e4 c5 2. Nf3 Nc6 3. d4 cxd4 4. Nxd4 Nf6 5. Nc3 e5 6. Ndb5 d6 7. Bg5 a6 8. Na3 b5 9. Nd5 Be7 10. Bxf6 Bxf6 11. c3 Ne7 12. Nxf6+ gxf6 13. g3 Bb7 14. Bg2 f5 15. Qe2 0-0 16. Rd1 fxe4 17. Bxe4 Bxe4 18. Qxe4 f5 19. Qd3 d5 20. f4 exf4 21. gxf4 Qb6 22. Qd4 1/2-1/2

[Event "Sao Paulo Itau Cup 9th"]
[Site "Sao Paulo"]
[Date "2005.10.06"]
[Round "5"]
[White "Gonzalez, Bolivar Ribeiro"]
[Black "Braga, Cicero Nogueira"]
[Result "1/2-1/2"]
[WhiteElo "2257"]
[BlackElo "2420"]
[PlyCount "57"]
[EventDate "2005.10.01"]
[EventType "swiss"]
[EventRounds "9"]
[EventCountry "BRA"]
[SourceTitle "CBM 108 Extra"]
[Source "ChessBase"]
[SourceDate "2005.11.04"]
[SourceVersion "1"]
[SourceVersionDate "2005.11.04"]
[SourceQuality "1"]

1. e4 c5 2. Nf3 Nc6 3. d4 cxd4 4. Nxd4 Nf6 5. Nc3 e5 6. Ndb5 d6 7. Bg5 a6 8. Na3 b5 9. Bxf6 gxf6 10. Nd5 f5 11. Bd3 Be6 12. c3 Bg7 13. Qh5 0-0 14. 0-0 f4 15. g3 f5 16. gxf4 Bxd5 17. exd5 Ne7 18. Kh1 e4 19. Bc2 b4 20. Nc4 bxc3 21. bxc3 Nxd5 22. Qd1 Nxc3 23. Qxd6 Nb5 24. Qxd8 Raxd8 25. Rad1 Nd4 26. Ba4 Bh6 27. Ne5 Bg7 28. Rxd4 Rxd4 29. Bb3+ 1/2-1/2

[Event "Olympiad-36"]
[Site "Mallorca"]
[Date "2004.10.26"]
[Round "11"]
[White "Gonzalez Garcia, Jose"]
[Black "Braga, Cicero Nogueira"]
[Result "1-0"]
[WhiteElo "2447"]
[BlackElo "2441"]
[PlyCount "77"]
[EventDate "2004.10.15"]
[EventType "team-swiss"]
[EventRounds "14"]
[EventCountry "ESP"]
[SourceTitle "CBM 104"]
[Source "ChessBase"]
[SourceDate "2005.01.27"]
[SourceVersion "1"]
[SourceVersionDate "2005.01.27"]
[SourceQuality "1"]
[WhiteTeam "Mexico"]
[BlackTeam "Brazil"]
[WhiteTeamCountry "MEX"]
[BlackTeamCountry "BRA"]

1. d4 Nf6 2. c4 g6 3. Nc3 Bg7 4. e4 d6 5. Be2 0-0 6. Nf3 e5 7. Be3 Ng4 8. Bg5 f6 9. Bc1 Nc6 10. d5 Ne7 11. h3 Nh6 12. h4 c6 13. h5 g5 14. Nh2 cxd5 15. cxd5 Bd7 16. g4 Qa5 17. Bd2 Nf7 18. Nf1 Rfb8 19. a4 Qd8 20. Ne3 Bf8 21. Kf1 Nc8 22. Bb5 a6 23. Bxd7 Qxd7 24. Kg2 Nh6 25. Qf3 Be7 26. Ne2 Nb6 27. b3 Rf8 28. Ba5 Bd8 29. Ng3 Rc8 30. Rac1 Kh8 31. Bb4 Rxc1 32. Rxc1 Nc8 33. Ngf5 Nxf5 34. Qxf5 Qxf5 35. Nxf5 Bb6 36. Nxd6 Nxd6 37. Bxd6 Rf7 38. Rc8+ Kg7 39. h6+ 1-0

[Event "Olympiad-36"]
[Site "Mallorca"]
[Date "2004.10.22"]
[Round "7"]
[White "Abdulwahhab, Ahmed Abdulsattar"]
[Black "Braga, Cicero Nogueira"]
[Result "1/2-1/2"]
[WhiteElo "2264"]
[BlackElo "2441"]
[PlyCount "98"]
[EventDate "2004.10.15"]
[EventType "team-swiss"]
[EventRounds "14"]
[EventCountry "ESP"]
[SourceTitle "CBM 104"]
[Source "ChessBase"]
[SourceDate "2005.01.27"]
[SourceVersion "1"]
[SourceVersionDate "2005.01.27"]
[SourceQuality "1"]
[WhiteTeam "Iraq"]
[BlackTeam "Brazil"]
[WhiteTeamCountry "IRQ"]
[BlackTeamCountry "BRA"]

1. e4 c5 2. Nf3 d6 3. d4 cxd4 4. Nxd4 Nf6 5. Nc3 g6 6. f4 Nbd7 7. Nf3 Qc7 8. Qe2 Bg7 9. Bd2 0-0 10. 0-0-0 Nb6 11. Be3 Be6 12. Kb1 Rfc8 13. Bd4 Nc4 14. Qe1 Qa5 15. Bd3 Qb4 16. Ne2 Qxe1 17. Rhxe1 Nh5 18. b3 Na5 19. Bxg7 Kxg7 20. h3 Nc6 21. g4 Nf6 22. Ned4 Nxd4 23. Nxd4 Bd7 24. Kb2 e5 25. fxe5 dxe5 26. Nf3 Re8 27. a4 Bc6 28. Nd2 Rad8 29. Re3 g5 30. Rf1 Ng8 31. Nc4 f6 32. Na5 Ne7 33. Kc3 Ng6 34. Kd2 Nf4 35. Nxc6 bxc6 36. Rf2 h5 37. Kc3 Rd4 38. Be2 h4 39. Bd3 a5 40. Rf1 Kf8 41. Rf2 Ke7 42. Rd2 Red8 43. Rf3 Ne6 44. Rdf2 Rf8 45. Re3 Nc5 46. Rf1 Rb8 47. Rf2 Nxd3 48. cxd3 Rdb4 49. Rb2 Rd4 1/2-1/2

[Event "Belo Horizonte pre olympic"]
[Site "Belo Horizonte"]
[Date "2004.10.10"]
[Round "4"]
[White "Pereira, Juliano Resende M"]
[Black "Braga, Cicero Nogueira"]
[Result "0-1"]
[WhiteElo "2261"]
[BlackElo "2441"]
[PlyCount "104"]
[EventDate "2004.10.09"]
[EventType "swiss"]
[EventRounds "7"]
[EventCountry "BRA"]
[SourceTitle "CBM 102 Extra"]
[Source "ChessBase"]
[SourceDate "2004.11.03"]
[SourceVersion "1"]
[SourceVersionDate "2004.11.03"]
[SourceQuality "1"]

1. c4 g6 2. g3 Bg7 3. Bg2 e5 4. Nc3 d6 5. d3 f5 6. e4 Nf6 7. Nge2 0-0 8. exf5 gxf5 9. f4 c6 10. Qb3 Na6 11. 0-0 Nc5 12. Qc2 Qb6 13. Kh1 e4 14. d4 Nd3 15. Na4 Qa6 16. Be3 b5 17. cxb5 cxb5 18. Nac3 b4 19. Nd1 Be6 20. b3 Rac8 21. Qb1 Nd5 22. Bg1 Nc3 23. Qc2 Nxe2 24. Qxe2 Bxb3 25. Ne3 Be6 26. g4 d5 27. gxf5 Bf7 28. Ng4 Bh5 29. Nf6+ Bxf6 30. Qxh5 Rc2 31. Be3 Rxa2 32. Rxa2 Qxa2 33. Rg1 Kh8 34. Qh6 Bg7 35. Qe6 Qe2 36. f6 Rxf6 37. Qh3 Rxf4 38. Qg3 Qxe3 39. Qxe3 Nf2+ 40. Qxf2 Rxf2 41. Rb1 a5 42. Ra1 b3 43. Rxa5 b2 44. Rb5 Rc2 45. Rb8+ Bf8 46. Bf1 Rc1 47. Rxb2 Rxf1+ 48. Kg2 Rd1 49. Kg3 Rxd4 50. Kf4 Kg8 51. Ke5 Bg7+ 52. Ke6 e3 0-1

[Event "Sao Paulo Itau Cup 7th"]
[Site "Sao Paulo"]
[Date "2003.10.05"]
[Round "9"]
[White "Braga, Cicero Nogueira"]
[Black "Caldeira, Adriano"]
[Result "1-0"]
[WhiteElo "2426"]
[BlackElo "2352"]
[PlyCount "47"]
[EventDate "2003.10.??"]
[EventType "swiss"]
[EventRounds "9"]
[EventCountry "BRA"]
[SourceTitle "CBM 096 Extra"]
[Source "ChessBase"]
[SourceDate "2003.10.22"]
[SourceVersion "2"]
[SourceVersionDate "2003.10.20"]
[SourceQuality "1"]

1. g3 d5 2. Nf3 Nf6 3. Bg2 Nbd7 4. d4 e6 5. 0-0 Be7 6. c4 c6 7. Qc2 0-0 8. Nbd2 b5 9. c5 Qc7 10. Nb3 e5 11. Nxe5 Nxe5 12. Bf4 Nfd7 13. e4 dxe4 14. Qxe4 f5 15. Bxe5 fxe4 16. Bxc7 Nf6 17. Rfe1 Bf5 18. Nd2 Bd8 19. Bxd8 Raxd8 20. Nxe4 Rxd4 21. Nd6 Nd5 22. Rad1 Rxd1 23. Rxd1 Be6 24. Nxb5 1-0

[Event "Sao Paulo Itau Cup 7th"]
[Site "Sao Paulo"]
[Date "2003.10.04"]
[Round "8"]
[White "Marques, Vinicius de Abreu"]
[Black "Braga, Cicero Nogueira"]
[Result "1/2-1/2"]
[WhiteElo "2380"]
[BlackElo "2426"]
[PlyCount "23"]
[EventDate "2003.10.??"]
[EventType "swiss"]
[EventRounds "9"]
[EventCountry "BRA"]
[SourceTitle "CBM 096 Extra"]
[Source "ChessBase"]
[SourceDate "2003.10.22"]
[SourceVersion "2"]
[SourceVersionDate "2003.10.20"]
[SourceQuality "1"]

1. d4 Nf6 2. c4 g6 3. Nc3 Bg7 4. e4 d6 5. Bd3 0-0 6. Nge2 Nc6 7. 0-0 Nd7 8. Be3 e5 9. d5 Nd4 10. Bb1 Nxe2+ 11. Qxe2 f5 12. f3 1/2-1/2

[Event "Sao Paulo Itau Cup 7th"]
[Site "Sao Paulo"]
[Date "2003.10.02"]
[Round "6"]
[White "Braga, Cicero Nogueira"]
[Black "Milos, Gilberto"]
[Result "1/2-1/2"]
[WhiteElo "2426"]
[BlackElo "2592"]
[PlyCount "44"]
[EventDate "2003.10.??"]
[EventType "swiss"]
[EventRounds "9"]
[EventCountry "BRA"]
[SourceTitle "CBM 096 Extra"]
[Source "ChessBase"]
[SourceDate "2003.10.22"]
[SourceVersion "2"]
[SourceVersionDate "2003.10.20"]
[SourceQuality "1"]

1. g3 d5 2. Nf3 c6 3. Bg2 Bg4 4. 0-0 Nd7 5. d4 e6 6. Nbd2 Ngf6 7. Re1 Be7 8. e4 0-0 9. c3 Bh5 10. Qb3 Rb8 11. c4 Qa5 12. exd5 cxd5 13. cxd5 Nxd5 14. Nc4 Qa6 15. Nfe5 Nxe5 16. Rxe5 Bg6 17. Bxd5 exd5 18. Rxd5 Qe6 19. Re5 Qd7 20. Bf4 Rbc8 21. Rd1 b6 22. Ree1 Bf6 1/2-1/2

[Event "Olympiad-35"]
[Site "Bled"]
[Date "2002.11.07"]
[Round "12.4"]
[White "Braga, Cicero Nogueira"]
[Black "Petrov, Marian"]
[Result "1/2-1/2"]
[WhiteElo "2415"]
[BlackElo "2513"]
[PlyCount "45"]
[EventDate "2002.10.26"]
[EventType "team-swiss"]
[EventRounds "14"]
[EventCountry "SLO"]
[SourceTitle "EXT 2003"]
[Source "ChessBase"]
[SourceDate "2002.11.25"]
[SourceVersion "1"]
[SourceVersionDate "2002.11.25"]
[SourceQuality "1"]
[WhiteTeam "Brazil"]
[BlackTeam "Bulgaria"]
[WhiteTeamCountry "BRA"]
[BlackTeamCountry "BUL"]

1. e4 c5 2. d3 Nc6 3. g3 g6 4. Bg2 Bg7 5. f4 e6 6. Nf3 Nge7 7. 0-0 0-0 8. c3 d6 9. Be3 b6 10. d4 Ba6 11. Re1 Na5 12. Nbd2 Rc8 13. b3 d5 14. e5 cxd4 15. cxd4 Qd7 16. Bf1 Qb7 17. Rc1 Nac6 18. Nb1 Bxf1 19. Rxf1 Qa6 20. Qd2 Qa5 21. Qxa5 Nxa5 22. Nc3 Nec6 23. Nb5 1/2-1/2

[Event "Olympiad-35"]
[Site "Bled"]
[Date "2002.11.02"]
[Round "8.4"]
[White "Braga, Cicero Nogueira"]
[Black "Collins, Sam E"]
[Result "1/2-1/2"]
[WhiteElo "2415"]
[BlackElo "2372"]
[PlyCount "92"]
[EventDate "2002.10.26"]
[EventType "team-swiss"]
[EventRounds "14"]
[EventCountry "SLO"]
[SourceTitle "EXT 2003"]
[Source "ChessBase"]
[SourceDate "2002.11.25"]
[SourceVersion "1"]
[SourceVersionDate "2002.11.25"]
[SourceQuality "1"]
[WhiteTeam "Brazil"]
[BlackTeam "Ireland"]
[WhiteTeamCountry "BRA"]
[BlackTeamCountry "IRL"]

1. e4 c5 2. d3 Nc6 3. g3 d5 4. Nd2 Nf6 5. Bg2 e5 6. Ngf3 Be7 7. 0-0 0-0 8. exd5 Nxd5 9. Re1 f6 10. c3 Nc7 11. Nb3 Ne6 12. Be3 f5 13. Qe2 a5 14. d4 cxd4 15. cxd4 e4 16. Ne5 Nexd4 17. Qc4+ Be6 18. Nxc6 Bxc4 19. Nxd8 Nxb3 20. axb3 Bd5 21. Nxb7 Bxb7 22. Bd2 Bd8 23. Bf1 Bb6 24. Bc4+ Kh8 25. b4 axb4 26. Bxb4 e3 27. fxe3 Rxa1 28. Rxa1 Re8 29. Re1 Re4 30. b3 f4 31. gxf4 Rxf4 32. Bd2 h5 33. Rf1 Rg4+ 34. Kf2 Bc7 35. h3 Rg2+ 36. Ke1 Be4 37. Rf8+ Kh7 38. Bf1 Bg3+ 39. Kd1 Rg1 40. Ke2 Bb7 41. Be1 Bd6 42. Rd8 Bc5 43. Kf2 Bxe3+ 44. Kxe3 Rxf1 45. Bc3 Rf3+ 46. Kd2 Rxh3 1/2-1/2

[Event "Olympiad-35"]
[Site "Bled"]
[Date "2002.10.31"]
[Round "6.4"]
[White "Kropff, Ricardo"]
[Black "Braga, Cicero Nogueira"]
[Result "0-1"]
[WhiteElo "2308"]
[BlackElo "2415"]
[PlyCount "102"]
[EventDate "2002.10.26"]
[EventType "team-swiss"]
[EventRounds "14"]
[EventCountry "SLO"]
[SourceTitle "EXT 2003"]
[Source "ChessBase"]
[SourceDate "2002.11.25"]
[SourceVersion "1"]
[SourceVersionDate "2002.11.25"]
[SourceQuality "1"]
[WhiteTeam "Paraguay"]
[BlackTeam "Brazil"]
[WhiteTeamCountry "PAR"]
[BlackTeamCountry "BRA"]

1. d4 Nf6 2. Nf3 g6 3. c4 Bg7 4. Nc3 0-0 5. e4 d6 6. Be2 e5 7. 0-0 Nc6 8. d5 Ne7 9. Ne1 Ne8 10. g4 f5 11. f3 Kh8 12. Nd3 Ng8 13. g5 f4 14. h4 h6 15. Kf2 hxg5 16. hxg5 Qxg5 17. Rh1+ Bh6 18. Qg1 Qxg1+ 19. Rxg1 Kh7 20. Ke1 Ngf6 21. c5 Nh5 22. a4 Ng3 23. b3 g5 24. Ba3 Rf7 25. cxd6 cxd6 26. Nb2 Bf8 27. Nc4 Rf6 28. Bd1 Kg8 29. Rc1 Bd7 30. Na5 b6 31. Nc6 Kf7 32. Nb1 a6 33. Nd2 b5 34. Bc2 Be7 35. Bb4 Bd8 36. a5 Rh6 37. Bd3 Bf6 38. Nb1 g4 39. Nd2 gxf3 40. Nxf3 Bg4 41. Kf2 Rh3 42. Bf1 Nxe4+ 43. Ke1 Rxf3 44. Rxg4 Re3+ 45. Be2 f3 46. Rc2 fxe2 47. Rxe2 Rxe2+ 48. Kxe2 Nc5 49. Rg3 Nc7 50. Bxc5 dxc5 51. d6 Ne6 0-1

[Event "Olympiad-35"]
[Site "Bled"]
[Date "2002.10.27"]
[Round "2.4"]
[White "Braga, Cicero Nogueira"]
[Black "Mbambara, Tizenge"]
[Result "1/2-1/2"]
[WhiteElo "2415"]
[BlackElo "2097"]
[PlyCount "106"]
[EventDate "2002.10.26"]
[EventType "team-swiss"]
[EventRounds "14"]
[EventCountry "SLO"]
[SourceTitle "EXT 2003"]
[Source "ChessBase"]
[SourceDate "2002.11.25"]
[SourceVersion "1"]
[SourceVersionDate "2002.11.25"]
[SourceQuality "1"]
[WhiteTeam "Brazil"]
[BlackTeam "Zambia"]
[WhiteTeamCountry "BRA"]
[BlackTeamCountry "ZAM"]

1. g3 c6 2. Bg2 d5 3. Nf3 Nf6 4. 0-0 e6 5. d3 Be7 6. Nbd2 Nbd7 7. e4 Qc7 8. Qe2 dxe4 9. dxe4 e5 10. b3 0-0 11. Bb2 Re8 12. a4 Rb8 13. Nc4 Bc5 14. Ne1 b5 15. Ne3 Bd4 16. Bxd4 exd4 17. Nf5 bxa4 18. Nxd4 Nc5 19. bxa4 Ncxe4 20. Qd3 c5 21. Nb5 Qa5 22. Nf3 Bg4 23. Rfe1 Rbd8 24. Qc4 a6 25. Na3 Bxf3 26. Bxf3 Nd2 27. Rxe8+ Rxe8 28. Qd3 Nxf3+ 29. Qxf3 Qxa4 30. Rb1 Qe4 31. Qxe4 Rxe4 32. Rb8+ Re8 33. Rb6 Re6 34. Rb8+ Ne8 35. Rc8 Kf8 36. Rxc5 Nd6 37. Rc6 Nb5 38. Rxe6 fxe6 39. Nxb5 axb5 40. Kf1 Ke7 41. Ke2 Kd6 42. Kd3 Kd5 43. Kc3 Kc5 44. f4 h6 45. h4 h5 46. Kb3 b4 47. c3 bxc3 48. Kxc3 Kd5 49. Kd3 e5 50. fxe5 Kxe5 51. Ke3 Kf5 52. Kf3 g6 53. g4+ Ke5 1/2-1/2

[Event "Itau Mercosul Cup 6th"]
[Site "Sao Paulo"]
[Date "2002.10.03"]
[Round "7"]
[White "Milos, Gilberto"]
[Black "Braga, Cicero Nogueira"]
[Result "1-0"]
[WhiteElo "2574"]
[BlackElo "2415"]
[PlyCount "83"]
[EventDate "2002.09.28"]
[EventType "swiss"]
[EventRounds "9"]
[EventCountry "BRA"]
[SourceTitle "CBM 090 Extra"]
[Source "ChessBase"]
[SourceDate "2002.11.07"]
[SourceVersion "1"]
[SourceVersionDate "2002.11.07"]
[SourceQuality "1"]

1. e4 c5 2. Nf3 d6 3. Bb5+ Nc6 4. 0-0 Bd7 5. Re1 Nf6 6. c3 a6 7. Bf1 Bg4 8. d3 e6 9. Nbd2 Be7 10. h3 Bh5 11. g4 Bg6 12. Nh4 Nd7 13. Ng2 e5 14. Nc4 0-0 15. f4 exf4 16. Bxf4 Nb6 17. Nce3 d5 18. Nf5 Re8 19. Qf3 Bf8 20. Qg3 Qd7 21. Ngh4 Rac8 22. Rad1 d4 23. c4 Na4 24. Rd2 b5 25. e5 bxc4 26. dxc4 Nb6 27. b3 a5 28. a4 Nb4 29. Bg2 Rcd8 30. Bg5 Rb8 31. Rf1 Re6 32. Bf4 Rbe8 33. Nf3 h6 34. h4 Nc6 35. h5 Bh7 36. Bh3 f6 37. exf6 Rxf6 38. Nxh6+ gxh6 39. g5 Qg7 40. gxf6 Qxg3+ 41. Bxg3 Re3 42. Bc7 1-0